000 00974nam a2200277Ia 4500
003 OSt
005 20220923211557.0
006 a|||||r|||| 00| 0
007 ta
008 220922b |||||||| |||| 00| 0 hin d
020 _a9789386007087 (hbk)
_c345
024 _a324,680
037 _b69, 10/03/2018, Mallika Books
_cTextual
040 _aARTS
_cARTS
_bhin
041 _2hin
_ahin
082 _aO152,1N841x, Q6
100 _aस्नेहसुधा, ले.
_9156378
245 0 _aवक़्त - बेवक़्त
246 _aVak़t - bevak़ta
260 _aनई दिल्ली
_b स्वाक्षर प्रकाशन
_c2016
300 _a176पृ.
_ccm.
650 _a हिन्दी साहित्य
_9156264
650 _aहिन्दी कविता
942 _hO152,1N841x, Q6
_cTEXL
_2CC
999 _c300951
_d300951